[Event "Sao Paulo Karman Cup"]
[Site "Sao Paulo"]
[Date "2019.08.17"]
[Round "4"]
[White "Borger, Daniel"]
[Black "Dattoli, Micael Cimet"]
[Result "0-1"]
[WhiteElo "1596"]
[BlackElo "1486"]
[PlyCount "64"]
[EventDate "2019.08.16"]
[EventType "swiss"]
[EventRounds "6"]
[EventCountry "BRA"]
[SourceTitle "EXT 2021"]
[Source "ChessBase"]
[SourceDate "2020.10.23"]
[SourceVersion "1"]
[SourceVersionDate "2020.10.23"]
[SourceQuality "1"]

1. e4 c5 2. Nc3 d6 3. g3 Nf6 4. Bg2 e5 5. d3 Be7 6. f4 exf4 7. Bxf4 Nc6 8. Nf3 Be6 9. 0-0 Qb6 10. Rb1 d5 11. Ng5 0-0-0 12. Kh1 h6 13. Nxe6 fxe6 14. exd5 e5 15. dxc6 exf4 16. cxb7+ Kb8 17. Rxf4 h5 18. Qf1 Bd6 19. Rc4 Ng4 20. Re1 Rdf8 21. Qe2 Nf2+ 22. Kg1 h4 23. g4 Qc7 24. h3 Bh2+ 25. Kf1 Nxd3+ 26. Bf3 Nxe1 27. Kxe1 Qg3+ 28. Kd2 Rxf3 29. Ne4 Qf4+ 30. Kd1 Rf1+ 31. Qxf1 Qxf1+ 32. Kd2 Qxc4 0-1

[Event "Pinheiros CC-ch"]
[Site "Pinheiros"]
[Date "2019.06.08"]
[Round "9.3"]
[White "Bicalho, Rafael Cury"]
[Black "Dattoli, Micael Cimet"]
[Result "0-1"]
[WhiteElo "1477"]
[BlackElo "1439"]
[PlyCount "106"]
[EventDate "2019.04.06"]
[EventType "tourn"]
[EventRounds "11"]
[EventCountry "BRA"]
[SourceTitle "EXT 2022"]
[Source "ChessBase"]
[SourceDate "2021.10.06"]
[SourceVersion "1"]
[SourceVersionDate "2021.10.06"]
[SourceQuality "1"]

1. e4 c5 2. Nf3 d6 3. d4 cxd4 4. Nxd4 Nf6 5. Nc3 a6 6. f3 e6 7. Bg5 Qb6 8. Nb3 Be7 9. Qd2 Nc6 10. Na4 Qc7 11. 0-0-0 Bd7 12. Bxf6 gxf6 13. a3 0-0-0 14. Nc3 h5 15. h4 Bf8 16. Kb1 Be8 17. Qf4 Bg7 18. Qe3 Ne7 19. Qa7 Bc6 20. Nd4 f5 21. Bc4 Kd7 22. Nxc6 Qxc6 23. Bb3 Bxc3 24. bxc3 fxe4 25. Qd4 exf3 26. Ba4 b5 27. Bb3 fxg2 28. Rhg1 Nf5 29. Qf6 Rdf8 30. Rd2 Rhg8 31. Rf2 Qe4 32. Rd2 Rg6 33. Bxe6+ Qxe6 34. Qxe6+ fxe6 35. Rdxg2 Rxg2 36. Rxg2 Nxh4 37. Rg7+ Kc6 38. Rh7 Rf5 39. Ra7 Kb6 40. Rd7 Rd5 41. Kb2 Ng2 42. Kb3 h4 43. Rh7 e5 44. c4 bxc4+ 45. Kxc4 Rd4+ 46. Kc3 Kc5 47. Rc7+ Kd5 48. Kb3 h3 49. c4+ Ke4 50. Rh7 Nf4 51. Rh4 Kd3 52. Rh6 e4 53. Rh4 e3 0-1

[Event "Pinheiros CC-ch"]
[Site "Pinheiros"]
[Date "2019.05.25"]
[Round "7"]
[White "Venelli, Luiz Gonzaga"]
[Black "Dattoli, Micael Cimet"]
[Result "0-1"]
[WhiteElo "1569"]
[BlackElo "1439"]
[PlyCount "74"]
[EventDate "2019.04.06"]
[EventType "tourn"]
[EventRounds "11"]
[EventCountry "BRA"]
[SourceTitle "EXT 2020"]
[Source "ChessBase"]
[SourceDate "2019.10.17"]
[SourceVersion "1"]
[SourceVersionDate "2019.10.17"]
[SourceQuality "1"]

1. e4 c5 2. Nf3 d6 3. Nc3 Nf6 4. Bc4 a6 5. a4 e6 6. 0-0 d5 7. exd5 exd5 8. Re1+ Be7 9. Be2 d4 10. Nb1 Be6 11. d3 Nc6 12. Bg5 h6 13. Bh4 g5 14. Bg3 g4 15. Ne5 h5 16. Nxc6 bxc6 17. f3 h4 18. Be5 g3 19. f4 gxh2+ 20. Kxh2 Rg8 21. Bf3 Ng4+ 22. Kg1 Rc8 23. Qe2 Ne3 24. Kh2 Bd5 25. Rg1 Qd7 26. c4 Bxf3 27. Qxf3 f6 28. Qh5+ Kd8 29. Qh7 Rf8 30. Nd2 fxe5 31. fxe5 Qg4 32. Ne4 Qf4+ 33. Kh1 Ng4 34. g3 Qxe5 35. Raf1 Rh8 36. Qf5 hxg3+ 37. Kg2 Ne3+ 0-1

[Event "Pinheiros CC-ch"]
[Site "Pinheiros"]
[Date "2019.05.04"]
[Round "4"]
[White "Van Riemsdijk, Marius Rombout"]
[Black "Dattoli, Micael Cimet"]
[Result "1-0"]
[WhiteElo "1733"]
[BlackElo "1439"]
[PlyCount "39"]
[EventDate "2019.04.06"]
[EventType "tourn"]
[EventRounds "11"]
[EventCountry "BRA"]
[SourceTitle "EXT 2020"]
[Source "ChessBase"]
[SourceDate "2019.10.17"]
[SourceVersion "1"]
[SourceVersionDate "2019.10.17"]
[SourceQuality "1"]

1. e4 c5 2. Nf3 d6 3. d4 cxd4 4. Nxd4 Nf6 5. Nc3 a6 6. Bg5 e6 7. Qf3 Nbd7 8. 0-0-0 Ne5 9. Qe2 Qc7 10. f4 Ned7 11. g3 b5 12. Bg2 Bb7 13. e5 dxe5 14. fxe5 b4 15. Nxe6 fxe6 16. exf6 e5 17. Nd5 Bxd5 18. Bxd5 0-0-0 19. Qxa6+ Kb8 20. Qa8# 1-0

[Event "Hebraica op 26th"]
[Site "Hebraica"]
[Date "2019.01.13"]
[Round "6"]
[White "Jenidarchiche, Douglas Rodrigo"]
[Black "Dattoli, Micael Cimet"]
[Result "1-0"]
[WhiteElo "1816"]
[BlackElo "1442"]
[PlyCount "53"]
[EventDate "2019.01.11"]
[EventType "swiss"]
[EventRounds "6"]
[EventCountry "BRA"]
[SourceTitle "EXT 2020"]
[Source "ChessBase"]
[SourceDate "2019.10.17"]
[SourceVersion "1"]
[SourceVersionDate "2019.10.17"]
[SourceQuality "1"]

1. Nf3 d5 2. g3 Nf6 3. Bg2 c5 4. c4 e6 5. 0-0 Be7 6. e3 Nc6 7. cxd5 exd5 8. d4 Bg4 9. dxc5 Bxc5 10. Qb3 Bb6 11. Nc3 Be6 12. Ng5 0-0 13. Nxe6 fxe6 14. Na4 Rf7 15. Nxb6 axb6 16. Rd1 Ng4 17. f4 Na5 18. Qd3 Rd7 19. Bh3 h5 20. Bxg4 hxg4 21. Qg6 Rd6 22. Bd2 Nc4 23. b3 Nxd2 24. Rxd2 Qc7 25. Rc2 Qd7 26. Qxg4 Qb5 27. Rc7 1-0

[Event "Sao Paulo Karman Cup"]
[Site "Sao Paulo"]
[Date "2018.08.10"]
[Round "1"]
[White "Borger, Daniel"]
[Black "Dattoli, Micael Cimet"]
[Result "1-0"]
[WhiteElo "1642"]
[BlackElo "1439"]
[PlyCount "45"]
[EventDate "2018.08.10"]
[EventType "swiss"]
[EventRounds "6"]
[EventCountry "BRA"]
[SourceTitle "CBM 186 Extra"]
[Source "ChessBase"]
[SourceDate "2018.08.24"]
[SourceVersion "1"]
[SourceVersionDate "2018.08.24"]
[SourceQuality "1"]

1. e4 c5 2. Nc3 d6 3. g3 g6 4. Bg2 Bg7 5. d3 Nc6 6. f4 Nf6 7. Nf3 0-0 8. 0-0 Bg4 9. h3 Bd7 10. g4 Nd4 11. Nxd4 cxd4 12. Ne2 Qb6 13. f5 e5 14. g5 Ne8 15. f6 Bh8 16. h4 h5 17. Ng3 Bg4 18. Bf3 Be6 19. Bxh5 gxh5 20. Qxh5 Qd8 21. Nf5 Bxf5 22. Rxf5 Bxf6 23. gxf6 1-0

[Event "Sao Paulo ECP Etapa Sigismund Gansl"]
[Site "Sao Paulo"]
[Date "2018.05.20"]
[Round "6.14"]
[White "Costa, Iaggo Bernini"]
[Black "Dattoli, Micael Cimet"]
[Result "1/2-1/2"]
[WhiteElo "1471"]
[BlackElo "1474"]
[PlyCount "115"]
[EventDate "2018.05.18"]
[EventType "swiss"]
[EventRounds "6"]
[EventCountry "BRA"]
[SourceTitle "EXT 2022"]
[Source "ChessBase"]
[SourceDate "2021.10.06"]
[SourceVersion "1"]
[SourceVersionDate "2021.10.06"]
[SourceQuality "1"]

1. e4 c5 2. Nf3 d6 3. d4 cxd4 4. Nxd4 Nf6 5. f3 Qa5+ 6. c3 a6 7. Be2 g6 8. 0-0 Qb6 9. Kh1 Bg7 10. Qc2 Bd7 11. Be3 Qd8 12. c4 Nc6 13. Nc3 Rc8 14. Rfd1 Ne5 15. Qb3 0-0 16. Qxb7 Nxc4 17. Bxc4 Rxc4 18. Qxa6 Rb4 19. Rab1 Qb8 20. Qe2 Rc8 21. Nb3 Ba4 22. Nxa4 Rxa4 23. Ra1 d5 24. exd5 Rh4 25. h3 Nh5 26. Bf2 Ng3+ 27. Bxg3 Qxg3 28. Qe1 Qxe1+ 29. Rxe1 Bxb2 30. Rad1 Bf6 31. Re2 Ra4 32. Rdd2 Rd8 33. Nc5 Rd4 34. Rxd4 Bxd4 35. Nb3 Rxd5 36. Nxd4 Rxd4 37. Rxe7 Rd1+ 38. Kh2 Ra1 39. Re8+ Kg7 40. Ra8 Kf6 41. a4 Kg5 42. Kg3 f5 43. h4+ Kh5 44. Ra7 h6 45. a5 Rh1 46. a6 Rxh4 47. Rb7 Ra4 48. a7 Ra2 49. Kf4 Ra1 50. g4+ fxg4 51. Rb5+ g5+ 52. Kg3 Rxa7 53. fxg4+ Kg6 54. Rb6+ Kg7 55. Kf3 Rf7+ 56. Kg3 Rf8 57. Rb7+ Rf7 58. Rb6 1/2-1/2

[Event "Sao Paulo ECP Etapa Sigismund Gansl"]
[Site "Sao Paulo"]
[Date "2018.05.19"]
[Round "3.16"]
[White "Haraguchi, Diego Sashaki"]
[Black "Dattoli, Micael Cimet"]
[Result "1/2-1/2"]
[WhiteElo "1302"]
[BlackElo "1474"]
[PlyCount "66"]
[EventDate "2018.05.18"]
[EventType "swiss"]
[EventRounds "6"]
[EventCountry "BRA"]
[SourceTitle "EXT 2022"]
[Source "ChessBase"]
[SourceDate "2021.10.06"]
[SourceVersion "1"]
[SourceVersionDate "2021.10.06"]
[SourceQuality "1"]

1. d4 d5 2. c4 e6 3. Nc3 Nf6 4. Bg5 Bb4 5. Qc2 Bd7 6. Nf3 dxc4 7. a3 Be7 8. e3 b5 9. a4 c6 10. Ne5 Na6 11. axb5 Nb4 12. Qd1 cxb5 13. Be2 h6 14. Bf4 a6 15. 0-0 Nfd5 16. Bf3 Bc6 17. Nxd5 Bxd5 18. Bh5 0-0 19. Qg4 Bg5 20. Bxg5 Qxg5 21. Qxg5 hxg5 22. Nd7 Rfd8 23. Nb6 Ra7 24. Nxd5 exd5 25. Ra5 Nd3 26. Rb1 Rd6 27. Be2 Nb4 28. Kf1 f5 29. h3 f4 30. Ke1 fxe3 31. fxe3 Re7 32. Kd2 Rf6 33. Rf1 Ra7 1/2-1/2

[Event "Sao Paulo SP ECP op 3rd"]
[Site "Sao Paulo"]
[Date "2017.11.18"]
[Round "3.6"]
[White "Dattoli, Micael Cimet"]
[Black "Ishikawa, Emilio Keiji"]
[Result "0-1"]
[WhiteElo "1418"]
[BlackElo "1754"]
[PlyCount "82"]
[EventDate "2017.11.17"]
[EventType "swiss"]
[EventRounds "6"]
[EventCountry "BRA"]
[SourceTitle "EXT 2022"]
[Source "ChessBase"]
[SourceDate "2021.10.06"]
[SourceVersion "1"]
[SourceVersionDate "2021.10.06"]
[SourceQuality "1"]

1. e4 c5 2. Nf3 Nc6 3. d4 cxd4 4. Nxd4 e5 5. Nb5 d6 6. Be3 a6 7. N5c3 b5 8. Nd5 Rb8 9. a3 Nge7 10. c4 Nxd5 11. cxd5 Ne7 12. Nd2 Ng6 13. Rc1 Be7 14. g3 Bg5 15. Bxg5 Qxg5 16. Rc6 Qd8 17. Qc1 0-0 18. a4 Ne7 19. Rc3 f5 20. f3 fxe4 21. fxe4 Qb6 22. Nf3 Bg4 23. Be2 b4 24. Rb3 Rbc8 25. Qg5 Bxf3 26. Rxf3 Rxf3 27. Bxf3 h6 28. Qd2 b3 29. Bd1 a5 30. Rf1 Rc4 31. Qd3 Qb4+ 32. Kf2 Rd4 33. Qxb3 Rd2+ 34. Kg1 Qd4+ 35. Kh1 Kh7 36. Bf3 Rxb2 37. Qd1 Rd2 38. Qa1 Qd3 39. Qb1 Qc4 40. Rc1 Qxa4 41. Bd1 Qd4 0-1

[Event "Sao Paulo Schutt op 14th"]
[Site "Sao Paulo"]
[Date "2017.09.17"]
[Round "6"]
[White "Dattoli, Micael Cimet"]
[Black "Itagyba, Renan Fortes"]
[Result "0-1"]
[WhiteElo "1419"]
[BlackElo "1722"]
[PlyCount "56"]
[EventDate "2017.09.15"]
[EventType "swiss"]
[EventRounds "6"]
[EventCountry "BRA"]
[SourceTitle "CBM 180 Extra"]
[Source "ChessBase"]
[SourceDate "2017.10.06"]
[SourceVersion "1"]
[SourceVersionDate "2017.10.06"]
[SourceQuality "1"]

1. e4 c5 2. Nf3 Nc6 3. d4 cxd4 4. Nxd4 g6 5. c4 Bg7 6. Be3 Nf6 7. Nc3 0-0 8. Be2 e6 9. Qd2 d5 10. Nxc6 bxc6 11. e5 Nd7 12. f4 Nb6 13. cxd5 cxd5 14. Rd1 Bb7 15. 0-0 Qe7 16. Nb5 Ba6 17. Qa5 Bxb5 18. Bxb5 Rfd8 19. Ba6 Bf8 20. a3 Rab8 21. Qe1 Na4 22. b4 Qd7 23. Rc1 Nb6 24. Bd4 Qa4 25. b5 Qxd4+ 26. Kh1 Nc4 27. Rc3 Qb6 28. a4 Bb4 0-1

[Event "Sao Paulo Schutt Cup 10th"]
[Site "Sao Paulo"]
[Date "2016.10.30"]
[Round "5"]
[White "Dattoli, Micael Cimet"]
[Black "Pereira, Victor Tramonte"]
[Result "1-0"]
[WhiteElo "1375"]
[BlackElo "1769"]
[PlyCount "75"]
[EventDate "2016.10.28"]
[EventType "swiss"]
[EventRounds "6"]
[EventCountry "BRA"]
[SourceTitle "CBM 175 Extra"]
[Source "ChessBase"]
[SourceDate "2016.12.12"]
[SourceVersion "1"]
[SourceVersionDate "2016.12.12"]
[SourceQuality "1"]

1. e4 e5 2. Nf3 Nc6 3. Bb5 g6 4. 0-0 Bg7 5. c3 Nf6 6. Re1 a6 7. Ba4 Na5 8. Nxe5 0-0 9. h3 Re8 10. d4 b5 11. Bc2 d6 12. Nf3 Bb7 13. Bg5 h6 14. Bxf6 Bxf6 15. Nbd2 Nc4 16. Nxc4 bxc4 17. Nd2 d5 18. e5 Bg5 19. Rf1 h5 20. f4 Bh4 21. f5 Qg5 22. Nf3 Qe3+ 23. Kh1 Bg3 24. fxg6 fxg6 25. Bxg6 Re6 26. Bc2 Rf8 27. Qd2 Qf4 28. Qxf4 Rxf4 29. Nh2 Re8 30. Rxf4 Bxf4 31. Bg6 Rf8 32. Bxh5 Bc8 33. Bg4 Bf5 34. Bxf5 Rxf5 35. Nf3 Bg3 36. b3 cxb3 37. axb3 Rf4 38. Rxa6 1-0

[Event "Sao Paulo Karman Cup 9th"]
[Site "Sao Paulo"]
[Date "2016.08.06"]
[Round "4"]
[White "Ferreira, Caio Tulio Moreira"]
[Black "Dattoli, Micael Cimet"]
[Result "0-1"]
[WhiteElo "1426"]
[BlackElo "1348"]
[PlyCount "46"]
[EventDate "2016.08.05"]
[EventType "swiss"]
[EventRounds "6"]
[EventCountry "BRA"]
[SourceTitle "CBM 174 Extra"]
[Source "ChessBase"]
[SourceDate "2016.10.10"]
[SourceVersion "1"]
[SourceVersionDate "2016.10.10"]
[SourceQuality "1"]

1. e4 c5 2. Nc3 d6 3. f4 g6 4. Nf3 Bg7 5. Bc4 Nf6 6. d3 Nc6 7. 0-0 0-0 8. Qe1 Nd4 9. Nxd4 cxd4 10. Ne2 e5 11. f5 d5 12. Bb3 dxe4 13. fxg6 hxg6 14. dxe4 Nxe4 15. Ng3 Nc5 16. Bc4 Be6 17. Bxe6 Nxe6 18. Ne4 Qb6 19. Kh1 Rac8 20. Nf6+ Bxf6 21. Rxf6 Rxc2 22. Qxe5 Qc6 23. Rf2 Rxc1+ 0-1

[Event "Sao Paulo Karman Cup 9th"]
[Site "Sao Paulo"]
[Date "2016.08.05"]
[Round "1"]
[White "Dattoli, Micael Cimet"]
[Black "Federzoni, Enzo"]
[Result "0-1"]
[WhiteElo "1348"]
[BlackElo "1771"]
[PlyCount "76"]
[EventDate "2016.08.05"]
[EventType "swiss"]
[EventRounds "6"]
[EventCountry "BRA"]
[SourceTitle "CBM 174 Extra"]
[Source "ChessBase"]
[SourceDate "2016.10.10"]
[SourceVersion "1"]
[SourceVersionDate "2016.10.10"]
[SourceQuality "1"]

1. e4 c5 2. Nf3 e6 3. d4 cxd4 4. Nxd4 Nf6 5. Nc3 d6 6. Bg5 h6 7. Bh4 Be7 8. Qd3 a6 9. f4 Nbd7 10. Bg3 b5 11. Nc6 Qc7 12. Nxe7 Nc5 13. Qe2 Qxe7 14. e5 dxe5 15. fxe5 Nfd7 16. Qg4 0-0 17. Be2 b4 18. Bh4 g5 19. Ne4 Nxe5 20. Bxg5 hxg5 21. Qxg5+ Qxg5 22. Nxg5 f6 23. Nf3 Nxf3+ 24. gxf3 Bb7 25. Kf2 Kf7 26. h4 Rh8 27. h5 Nd7 28. h6 Rag8 29. Rae1 Ne5 30. Rh4 a5 31. Rd1 Rd8 32. Rg1 Rh7 33. f4 Ng6 34. Bh5 Be4 35. c3 bxc3 36. bxc3 Rxh6 37. Bxg6+ Rxg6 38. Rh7+ Kg8 0-1

[Event "Sao Paulo Karman Cup 9th"]
[Site "Sao Paulo"]
[Date "2016.08.05"]
[Round "2"]
[White "De Freitas, Fabio Ruiz"]
[Black "Dattoli, Micael Cimet"]
[Result "1-0"]
[WhiteElo "1571"]
[BlackElo "1348"]
[PlyCount "43"]
[EventDate "2016.08.05"]
[EventType "swiss"]
[EventRounds "6"]
[EventCountry "BRA"]
[SourceTitle "CBM 174 Extra"]
[Source "ChessBase"]
[SourceDate "2016.10.10"]
[SourceVersion "1"]
[SourceVersionDate "2016.10.10"]
[SourceQuality "1"]

1. Nf3 d5 2. c4 c6 3. g3 Bf5 4. Bg2 Nf6 5. cxd5 cxd5 6. Qb3 Qc7 7. 0-0 e6 8. d3 Bd6 9. Nd4 0-0 10. Nxf5 exf5 11. Nc3 Nc6 12. Nxd5 Nxd5 13. Bxd5 Rae8 14. e3 Nb4 15. Bg2 Re6 16. Bd2 Nc6 17. Rac1 Be7 18. d4 Rg6 19. d5 Rd6 20. Bb4 Na5 21. Rxc7 Nxb3 22. axb3 1-0